Statistics for Top 20 UK Baby Names 1944

Click here to take the quiz!

General Stats

  • This quiz has been taken 400 times
  • The average score is 24 of 40

Answer Stats

#First LetterAnswer% Correct
1JJohn
93%
4MMary
89%
9WWilliam
89%
10JJames
87%
2DDavid
86%
4PPeter
86%
1MMargaret
80%
3MMichael
80%
5RRobert
80%
2PPatricia
77%
11RRichard
76%
20AAnne
74%
3CChristine
73%
16CChristopher
73%
6AAnn
72%
19TThomas
72%
16JJoan
70%
15EElizabeth
68%
7SSusan
66%
5JJean
63%
7BBrian
61%
8JJanet
61%
12KKenneth
57%
8AAlan
56%
6AAnthony
54%
14KKeith
52%
10BBarbara
49%
12CCarol
48%
17PPamela
43%
14PPauline
40%
18JJennifer
37%
19KKathleen
37%
11VValerie
37%
17RRaymond
33%
15CColin
32%
13SSandra
30%
18TTerence
29%
13RRoger
28%
9MMaureen
23%
20BBarry
19%

Score Distribution

Percentile by Number Answered

Percent of People with Each Score

Your Score History

You have not taken this quiz